El libro de mamá /

Guardado en:
Autor Principal: Arens, Germán.
Formato: Libro
Idioma:Undetermined
Publicado: Ciudad Autónoma de Buenos Aires : Barnacle, 2018.
Materias:
Etiquetas: Agregar Etiqueta
Sin Etiquetas, Sea el primero en etiquetar este registro!
LEADER 00508nam a22001815a 4500
001 CEM.cems018774
008 210803s2018####xx############000#0#und#d
005 20210803102219.0
003 CEMS
245 1 0 |a El libro de mamá /  |c Germán Arens. 
260 |a Ciudad Autónoma de Buenos Aires :  |b Barnacle,  |c 2018. 
300 |a 82 p. 
020 |a 9789874044242 
100 1 |a Arens, Germán. 
650 7 |a Literatura 
650 7 |a Literatura argentina 
650 7 |a Autor bahiense 
859 |a CEMS  |b BIB. CEMS - 11 de abril  |p 29046.20